00461nam a2200157 a 45000010005000000030009000050080041000140400028000550820016000831000020000992450042001192600076001613000009002374900035002466500022002817146CO-ViMGA141112s2004 ck r 000 u spa d aCO-ViMGAbspacCO-ViMGA04a320.1 M654f1 aMolina, Gerardo10aLa formación del estado en colombia aSantafé de Bogotá : bUniversidad del Externado de Colombia, c1994 a93 p aTemas de derecho público, 3614aESTADO - COLOMBIA